000 00299nam a22001337a 4500
008 190225b xxu||||| |||| 00| 0 eng d
020 _a9780201504101
041 _aeng
080 _22nd
_a338
100 _a53
101 _aMO
245 _aOperations Management
_cKrajewski,L.J
942 _2udc
_cBK
999 _c54173
_d54173